[Event "FRA-chT GpB (Women)"]
[Site "Montpellier"]
[Date "2015.05.09"]
[Round "3.1"]
[White "Muller, Marion"]
[Black "Choisy, Mathilde"]
[Result "0-1"]
[WhiteElo "1887"]
[BlackElo "2182"]
[PlyCount "100"]
[EventDate "2015.05.07"]
[EventType "team-tourn"]
[EventRounds "5"]
[EventCountry "FRA"]
[SourceTitle "CBM 166 Extra"]
[Source "ChessBase"]
[SourceDate "2015.06.18"]
[SourceVersion "1"]
[SourceVersionDate "2015.06.18"]
[SourceQuality "1"]
[WhiteTeam "Strasbourg (W)"]
[BlackTeam "Mulhouse Philidor (W)"]
[WhiteTeamCountry "FRA"]
[BlackTeamCountry "FRA"]

1. e4 c5 2. Nf3 d6 3. d4 cxd4 4. Nxd4 Nf6 5. Nc3 a6 6. Be2 e5 7. Nb3 Be7 8. a4 0-0 9. 0-0 b6 10. f4 Bb7 11. Bf3 Nbd7 12. f5 b5 13. Qe1 b4 14. Nd1 a5 15. g4 d5 16. exd5 e4 17. Bg2 Nxg4 18. Qg3 Nge5 19. Bxe4 Nc4 20. Ne3 Bd6 21. Qh3 Nxe3 22. Bxe3 Re8 23. Bg2 Rc8 24. Rac1 Rc4 25. Bd4 Qc7 26. c3 bxc3 27. Rxc3 Rxc3 28. bxc3 Nc5 29. Nxc5 Bxc5 30. Qd3 Bd6 31. Qh3 Qc4 32. f6 Bc8 33. Qh5 g6 34. Qh6 Bf8 35. Qf4 Bb7 36. d6 Bxg2 37. Kxg2 Qc6+ 38. Qf3 Qxd6 39. Rb1 Qe6 40. Rb5 Qa2+ 41. Bf2 Qxa4 42. Rb7 Qc4 43. Ra7 a4 44. Ra8 Rxa8 45. Qxa8 a3 46. Bd4 h5 47. Kf3 a2 48. Kg2 Qe2+ 49. Kg3 Qe1+ 50. Bf2 a1Q 0-1

[Event "FRA-ch U18 Girls"]
[Site "Troyes"]
[Date "2010.04.17"]
[Round "8"]
[White "Lefevre, Margaux"]
[Black "Muller, Marion"]
[Result "1-0"]
[WhiteElo "2036"]
[BlackElo "1943"]
[PlyCount "163"]
[EventDate "2010.04.11"]
[EventType "swiss"]
[EventRounds "9"]
[EventCountry "FRA"]
[SourceTitle "EXT 2012"]
[Source "ChessBase"]
[SourceDate "2011.11.24"]
[SourceVersion "1"]
[SourceVersionDate "2011.11.24"]
[SourceQuality "1"]

1. e4 c6 2. c4 d5 3. cxd5 cxd5 4. exd5 Nf6 5. Qa4+ Nbd7 6. Nc3 g6 7. Nf3 Bg7 8. Bc4 0-0 9. d3 a6 10. Qa3 Nb6 11. Qb3 Nbd7 12. a4 b6 13. 0-0 Bb7 14. d4 Rc8 15. Re1 Ne8 16. Bg5 Ndf6 17. Ne5 Nd6 18. Nc6 Bxc6 19. dxc6 Rxc6 20. Bxa6 Nf5 21. d5 Rc5 22. Rad1 h6 23. Bxf6 exf6 24. Ne4 Ra5 25. Bb5 Nd6 26. Bc6 Nc8 27. Qa3 f5 28. Nc3 Rc5 29. Nb5 Ne7 30. b4 Rc2 31. Qb3 Rb2 32. Qe3 Nxc6 33. dxc6 Qa8 34. Qxb6 Qxa4 35. c7 Qxb4 36. Qd6 Qxb5 37. Qxf8+ Bxf8 38. c8Q Qb6 39. Rf1 Kg7 40. Qc3+ Kg8 41. Qe5 Ra2 42. Qe8 Ra7 43. h3 Qc7 44. Rfe1 Kg7 45. Rd8 Qc5 46. Red1 Ra2 47. R1d4 Ra1+ 48. Kh2 Ra6 49. R8d7 Rf6 50. Kg1 Qc1+ 51. Rd1 Qc5 52. g3 f4 53. R7d5 Qc2 54. gxf4 Rxf4 55. Qe5+ Rf6 56. Qd4 Qb3 57. Rd3 Qb1+ 58. Kg2 Qc1 59. Rf3 Be7 60. Rb5 Qc6 61. Rd5 Qc1 62. h4 Qc6 63. Kh2 Bd6+ 64. Kg1 Be7 65. Kg2 Qe6 66. Re5 Qc6 67. Re4 Bc5 68. Qe5 Bb6 69. Ref4 Bd8 70. Kh3 Qd7+ 71. Kg2 Qe7 72. Qc3 Qe6 73. Qd4 Be7 74. Re4 Qd6 75. Qc3 Bd8 76. Rd3 Qb6 77. f3 Bc7 78. Rc4 Bd8 79. Rc6 Qb8 80. Rdd6 Qa8 81. Rxf6 Qxc6 82. Rxc6+ 1-0

[Event "Wasselonne op"]
[Site "Wasselonne"]
[Date "2009.08.08"]
[Round "5"]
[White "Muller, Marion"]
[Black "Schall, Denis"]
[Result "0-1"]
[WhiteElo "1905"]
[BlackElo "2070"]
[PlyCount "94"]
[EventDate "2009.08.06"]
[EventType "swiss"]
[EventRounds "7"]
[EventCountry "FRA"]
[SourceTitle "EXT 2011"]
[Source "ChessBase"]
[SourceDate "2010.11.26"]
[SourceVersion "1"]
[SourceVersionDate "2010.11.26"]
[SourceQuality "1"]

1. e4 c5 2. Nf3 d6 3. d4 cxd4 4. Nxd4 Nf6 5. Nc3 a6 6. Be2 e6 7. 0-0 Be7 8. Be3 Qc7 9. f4 b5 10. a3 Bb7 11. Bf3 Nbd7 12. Nb3 Rc8 13. Qe1 Nb6 14. Nd2 Nc4 15. Nxc4 Qxc4 16. e5 Nd5 17. Nxd5 Bxd5 18. Bxd5 Qxd5 19. Rd1 Qc6 20. exd6 Bxd6 21. f5 0-0 22. f6 g6 23. Bh6 Rfd8 24. Rd3 Bc5+ 25. Kh1 Rxd3 26. cxd3 Qd5 27. Rf3 Bd6 28. Rh3 Rc2 29. Rf3 Qh5 30. Rh3 Qg4 31. Qg1 Rxb2 32. d4 Rc2 33. Bg7 Qe4 34. Rf3 Re2 35. Rc3 Qb7 36. d5 exd5 37. Qc1 Re8 38. Rh3 Qc6 39. Rc3 Qd7 40. Re3 Re4 41. Rxe4 dxe4 42. g3 Bc7 43. Qh6 Qd1+ 44. Kg2 Qf3+ 45. Kh3 Qf1+ 46. Kh4 Be5 47. Qg5 Qf5 0-1

[Event "FRA-ch U18 Girls"]
[Site "Aix les Bains"]
[Date "2009.04.25"]
[Round "8"]
[White "Dubois, Emmanuelle"]
[Black "Muller, Marion"]
[Result "0-1"]
[WhiteElo "1757"]
[BlackElo "1896"]
[PlyCount "132"]
[EventDate "2009.04.19"]
[EventType "swiss"]
[EventRounds "9"]
[EventCountry "FRA"]
[SourceTitle "CBM 130 Extra"]
[Source "ChessBase"]
[SourceDate "2009.07.02"]
[SourceVersion "2"]
[SourceVersionDate "2009.07.15"]
[SourceQuality "1"]

1. e4 c6 2. d4 d5 3. exd5 cxd5 4. Bd3 Nc6 5. c3 Nf6 6. Bf4 g6 7. Nd2 Bg7 8. Ngf3 Bf5 9. Qc2 Qc8 10. 0-0 0-0 11. Rae1 Re8 12. Qb1 Nh5 13. Be3 a6 14. Nb3 b6 15. Bd2 Nf6 16. Ne5 Nd8 17. f4 Bxd3 18. Qxd3 Ne4 19. Bc1 Nb7 20. Nd2 Nbd6 21. Nxe4 Nxe4 22. Qf3 f6 23. Nd3 f5 24. Ne5 Rb8 25. g4 Bxe5 26. fxe5 e6 27. Qg2 Kh8 28. h4 Rg8 29. Bg5 Rf8 30. Bh6 Rf7 31. Bf4 Qc7 32. g5 Kg8 33. Kh2 b5 34. Rc1 Qb6 35. a3 a5 36. b4 Rc8 37. Rf3 Rfc7 38. Bd2 axb4 39. axb4 Ra8 40. Bf4 Rca7 41. Rc2 Ra4 42. Re3 Qa6 43. Ree2 Ra3 44. Re3 Qc6 45. Qf3 R8a4 46. Qe2 Qa6 47. Qg2 Ra2 48. Ree2 Rxc2 49. Rxc2 Ra3 50. Bd2 Ra2 51. Rxa2 Qxa2 52. Be1 Qxg2+ 53. Kxg2 h6 54. Kf3 hxg5 55. hxg5 Nxg5+ 56. Kf4 Ne4 57. Bh4 Nxc3 58. Ke3 Ne4 59. Kf4 Kg7 60. Kf3 g5 61. Be1 Kg6 62. Ke3 f4+ 63. Kf3 Kf5 64. Kg2 Kg4 65. Kg1 Kf3 66. Kf1 Ke3 0-1

[Event "FRA-chT Top 12 (Women)"]
[Site "France"]
[Date "2009.??.??"]
[Round "4.4"]
[White "Muller, Marion"]
[Black "Chouquet, Marine"]
[Result "1-0"]
[WhiteElo "1880"]
[BlackElo "1760"]
[PlyCount "111"]
[EventDate "2009.01.22"]
[EventType "tourn"]
[EventRounds "4"]
[EventCountry "FRA"]
[SourceTitle "CBM 128 Extra"]
[Source "ChessBase"]
[SourceDate "2009.03.05"]
[SourceVersion "2"]
[SourceVersionDate "2009.03.25"]
[SourceQuality "1"]

1. e4 e6 2. d4 d5 3. Nc3 Nf6 4. e5 Nfd7 5. Nce2 c5 6. c3 Nc6 7. f4 cxd4 8. cxd4 Be7 9. Nf3 f6 10. g3 0-0 11. Bh3 Nb6 12. 0-0 Qe8 13. b3 Qh5 14. Bg2 Bd7 15. Bb2 Rac8 16. a3 a6 17. Rc1 Na7 18. Qd2 Bc6 19. Qe3 f5 20. h3 Bb5 21. Rfe1 Bxe2 22. Qxe2 Rxc1 23. Rxc1 Rc8 24. Rxc8+ Nbxc8 25. Qc2 Qe8 26. g4 g6 27. Qf2 fxg4 28. hxg4 Nb5 29. a4 Nc7 30. Ne1 Qf7 31. Bh3 Bb4 32. Nd3 Bf8 33. f5 gxf5 34. gxf5 exf5 35. Bxf5 Qg7+ 36. Kf1 Ne7 37. Bh3 Qf7 38. Bg2 Qxf2+ 39. Kxf2 Kf7 40. Ke2 Ng6 41. Bc1 h5 42. Bg5 Be7 43. Bxe7 Kxe7 44. Ke3 Kf7 45. Nf4 Nxf4 46. Kxf4 Kg6 47. Bh3 Kf7 48. Kg5 b5 49. Kxh5 bxa4 50. bxa4 a5 51. Kg5 Kg7 52. Bd7 Kf7 53. Kf5 Ke7 54. e6 Na6 55. Ke5 Nb8 56. Bb5 1-0

[Event "FRA-ch U16 Girls"]
[Site "Le Grand Bornand"]
[Date "2007.04.??"]
[Round "5"]
[White "Jeannerot, Lea"]
[Black "Muller, Marion"]
[Result "1/2-1/2"]
[WhiteElo "1920"]
[BlackElo "1757"]
[PlyCount "104"]
[EventDate "2007.04.07"]
[EventType "swiss"]
[EventRounds "9"]
[EventCountry "FRA"]
[SourceTitle "CBM 118 Extra"]
[Source "ChessBase"]
[SourceDate "2007.07.04"]
[SourceVersion "1"]
[SourceVersionDate "2007.07.04"]
[SourceQuality "1"]

1. e4 c6 2. Nf3 d5 3. Nc3 Bg4 4. h3 Bxf3 5. Qxf3 e6 6. g3 Nd7 7. Bg2 g6 8. d3 Bg7 9. 0-0 Ne7 10. Qe2 d4 11. Nb1 0-0 12. f4 f5 13. g4 Kh8 14. g5 e5 15. h4 fxe4 16. Bxe4 Nf5 17. Qh2 exf4 18. Bxf4 Nc5 19. h5 gxh5 20. Qxh5 Nxe4 21. dxe4 Ne7 22. Rf3 Qe8 23. Qxe8 Raxe8 24. Kf2 Nc8 25. e5 Kg8 26. c3 dxc3 27. Nxc3 Bxe5 28. Bxe5 Rxe5 29. Rxf8+ Kxf8 30. Rd1 Nb6 31. Rd8+ Kg7 32. Rb8 Re7 33. b3 Kg6 34. Rg8+ Rg7 35. Rxg7+ Kxg7 36. Kf3 Kg6 37. Kg4 Nd5 38. Ne4 Nb4 39. a4 Nd3 40. Nd6 Nc1 41. b4 Na2 42. b5 c5 43. Nxb7 c4 44. Nc5 c3 45. Nd3 c2 46. a5 Nb4 47. Nc1 a6 48. b6 Nc6 49. b7 Ne5+ 50. Kf4 Nc6 51. Kg4 Nb8 52. Kf4 Nc6 1/2-1/2

[Event "FRA-ch U14 Girls"]
[Site "Calvi"]
[Date "2005.04.21"]
[Round "6"]
[White "Bismuth, Sarah"]
[Black "Muller, Marion"]
[Result "1/2-1/2"]
[WhiteElo "1640"]
[BlackElo "1710"]
[PlyCount "79"]
[EventDate "2005.04.??"]
[EventType "swiss"]
[EventRounds "9"]
[EventCountry "FRA"]
[SourceTitle "EXT 2006"]
[Source "ChessBase"]
[SourceDate "2005.11.24"]
[SourceVersion "1"]
[SourceVersionDate "2005.11.24"]
[SourceQuality "1"]

1. e4 c6 2. d4 d5 3. Nc3 dxe4 4. Nxe4 Bf5 5. Ng3 Bg6 6. Bc4 e6 7. N1e2 Nf6 8. Nf4 Bd6 9. h4 Bxf4 10. Bxf4 h6 11. h5 Bh7 12. Qe2 Nbd7 13. 0-0-0 Nd5 14. Bd2 Qc7 15. Qg4 Rg8 16. Rde1 N7f6 17. Qf3 0-0-0 18. Bb3 Rd7 19. Bxd5 cxd5 20. Qb3 Kb8 21. Kb1 Rc8 22. Rc1 Ka8 23. Rhe1 Ne8 24. Bb4 Nd6 25. Re3 Nc4 26. Rf3 e5 27. Ne2 exd4 28. Nxd4 Re8 29. Nb5 Qb6 30. Qa4 a6 31. Na3 Nxa3+ 32. Bxa3 Red8 33. Bb4 d4 34. Ba5 Qe6 35. Bxd8 Rxd8 36. Qa5 Rc8 37. Rb3 Qc6 38. Qd2 Qxg2 39. Qxd4 Bxc2+ 40. Ka1 1/2-1/2

[Event "France-ch U12 Girls"]
[Site "Reims"]
[Date "2004.04.22"]
[Round "6"]
[White "Le Bail, Arielle"]
[Black "Muller, Marion"]
[Result "1/2-1/2"]
[WhiteElo "1670"]
[BlackElo "1560"]
[PlyCount "61"]
[EventDate "2004.04.??"]
[EventType "swiss"]
[EventRounds "9"]
[EventCountry "FRA"]
[SourceTitle "EXT 2005"]
[Source "ChessBase"]
[SourceDate "2004.11.15"]
[SourceVersion "1"]
[SourceVersionDate "2004.11.15"]
[SourceQuality "1"]

1. e4 c5 2. Nf3 Nc6 3. Nc3 Nf6 4. d4 cxd4 5. Nxd4 e5 6. Ndb5 d6 7. Bg5 a6 8. Na3 b5 9. Bxf6 gxf6 10. Nd5 f5 11. Bxb5 axb5 12. Nxb5 Rb8 13. Nbc7+ Kd7 14. Qh5 Ne7 15. b4 Nxd5 16. Nxd5 Ke8 17. c4 fxe4 18. 0-0 Be6 19. a3 Bxd5 20. cxd5 Rb5 21. f3 exf3 22. Qxf3 Qb6+ 23. Kh1 Qb7 24. Rad1 Bg7 25. Qf5 h6 26. Rf3 Rf8 27. Rfd3 Qe7 28. Rc3 f6 29. Rdc1 Rb7 30. Qg6+ Kd7 31. Qf5+ 1/2-1/2

[Event "FRA-ch U12 Girls"]
[Site "Le Grand Bornand"]
[Date "2003.??.??"]
[Round "3.1"]
[White "Forestier, Carole"]
[Black "Muller, Marion"]
[Result "1-0"]
[WhiteElo "1750"]
[BlackElo "1430"]
[PlyCount "83"]
[EventDate "2003.??.??"]
[EventType "swiss"]
[EventRounds "9"]
[EventCountry "FRA"]
[SourceTitle "EXT 2004"]
[Source "ChessBase"]
[SourceDate "2003.11.25"]
[SourceVersion "1"]
[SourceVersionDate "2003.11.25"]
[SourceQuality "1"]

1. d4 c5 2. e3 e6 3. Nf3 d5 4. c4 Nf6 5. Nc3 Bd6 6. Bd3 Nc6 7. 0-0 0-0 8. Qc2 Qc7 9. dxc5 dxc4 10. Bxh7+ Nxh7 11. cxd6 Qxd6 12. Rd1 Qc7 13. Ne4 Ne5 14. Nxe5 Qxe5 15. Qxc4 b6 16. Qd4 Qxd4 17. Rxd4 Ba6 18. Bd2 Rfd8 19. Bc3 Rxd4 20. Bxd4 Rc8 21. Rd1 Be2 22. Re1 Nf8 23. Nc3 Bh5 24. f3 Ng6 25. Nb5 Ne7 26. Nxa7 Ra8 27. Bxb6 Nd5 28. Bc5 Rb8 29. e4 Nf4 30. Bd6 Nd3 31. Bxb8 Nxe1 32. b4 Kf8 33. b5 f6 34. b6 Nd3 35. b7 Nc5 36. Bd6+ Kg8 37. b8Q+ Kh7 38. Bxc5 e5 39. f4 exf4 40. Qxf4 g6 41. Qxf6 g5 42. Bf8 1-0

[Event "FRA-ch U12 Girls"]
[Site "Le Grand Bornand"]
[Date "2003.??.??"]
[Round "6.5"]
[White "Muller, Marion"]
[Black "Lepintre, Charlotte"]
[Result "1-0"]
[WhiteElo "1430"]
[BlackElo "1590"]
[PlyCount "61"]
[EventDate "2003.??.??"]
[EventType "swiss"]
[EventRounds "9"]
[EventCountry "FRA"]
[SourceTitle "EXT 2004"]
[Source "ChessBase"]
[SourceDate "2003.11.25"]
[SourceVersion "1"]
[SourceVersionDate "2003.11.25"]
[SourceQuality "1"]

1. e4 e5 2. Nf3 Nc6 3. Bc4 Bc5 4. b4 Bxb4 5. c3 Ba5 6. 0-0 Nf6 7. d4 d6 8. Ba3 Bg4 9. Qb3 Qd7 10. dxe5 Nxe5 11. Nxe5 dxe5 12. Qxb7 Rd8 13. Bb5 c6 14. Bxc6 Be2 15. Bxd7+ Rxd7 16. Qc8+ Rd8 17. Qc5 Rd7 18. Re1 Bb6 19. Qb4 Bd8 20. Nd2 Rxd2 21. c4 Rd7 22. Rxe2 Be7 23. Qb8+ Rd8 24. Qxa7 Bxa3 25. Qxa3 h6 26. h3 Rd7 27. Rb1 Nh7 28. Rb8+ Rd8 29. Rxd8+ Kxd8 30. Qa8+ Ke7 31. Qxh8 1-0

[Event "FRA-ch U10 Girls"]
[Site "Hyeres"]
[Date "2002.??.??"]
[Round "7.6"]
[White "Le Bail, Arielle"]
[Black "Muller, Marion"]
[Result "1-0"]
[WhiteElo "1470"]
[BlackElo "1260"]
[PlyCount "41"]
[EventDate "2002.04.05"]
[EventType "swiss"]
[EventRounds "9"]
[EventCountry "FRA"]
[SourceTitle "EXT 2003"]
[Source "ChessBase"]
[SourceDate "2002.11.25"]
[SourceVersion "1"]
[SourceVersionDate "2002.11.25"]
[SourceQuality "1"]

1. d4 Nf6 2. f4 e6 3. e3 Nc6 4. c3 d5 5. Nf3 Bd6 6. Bd3 0-0 7. 0-0 Re8 8. Nbd2 Ne7 9. Ne5 c5 10. Rf3 Bd7 11. Rh3 h6 12. g4 Bxe5 13. fxe5 Nh7 14. Bxh7+ Kxh7 15. g5 Kg8 16. gxh6 gxh6 17. Rxh6 Nf5 18. Qg4+ Kf8 19. Rh8+ Ke7 20. Qg5+ f6 21. Qxf6# 1-0

[Event "FRA-ch U10 Girls"]
[Site "Hyeres"]
[Date "2002.??.??"]
[Round "4.4"]
[White "Le Moine, Camille"]
[Black "Muller, Marion"]
[Result "0-1"]
[WhiteElo "1530"]
[BlackElo "1260"]
[PlyCount "70"]
[EventDate "2002.04.05"]
[EventType "swiss"]
[EventRounds "9"]
[EventCountry "FRA"]
[SourceTitle "EXT 2003"]
[Source "ChessBase"]
[SourceDate "2002.11.25"]
[SourceVersion "1"]
[SourceVersionDate "2002.11.25"]
[SourceQuality "1"]

1. e4 c5 2. Nf3 Nc6 3. Nc3 Nf6 4. Bc4 e6 5. e5 Ng4 6. d3 Ngxe5 7. Nxe5 Nxe5 8. Bb5 a6 9. Ba4 b5 10. Bb3 d5 11. Bf4 Bd6 12. Bxe5 Bxe5 13. 0-0 0-0 14. a3 Qd6 15. g3 Bb7 16. Qg4 Qc6 17. Rfe1 d4 18. Ne4 f5 19. Qf3 fxe4 20. dxe4 Rxf3 21. Re2 Raf8 22. Rae1 c4 23. Ba2 d3 24. cxd3 cxd3 25. Rd2 Bd4 26. Kg2 Rxf2+ 27. Rxf2 Rxf2+ 28. Kh3 Re2 29. Rd1 Qxe4 30. Rc1 d2 31. Rd1 Rf2 32. Rb1 Kh8 33. b4 e5 34. Rb2 Bc8+ 35. g4 Qxg4# 0-1

[Event "FRA-ch U10 Girls"]
[Site "Hyeres"]
[Date "2002.??.??"]
[Round "6.5"]
[White "Muller, Marion"]
[Black "Lefevre, Margaux"]
[Result "0-1"]
[WhiteElo "1260"]
[BlackElo "1009"]
[PlyCount "60"]
[EventDate "2002.04.05"]
[EventType "swiss"]
[EventRounds "9"]
[EventCountry "FRA"]
[SourceTitle "EXT 2003"]
[Source "ChessBase"]
[SourceDate "2002.11.25"]
[SourceVersion "1"]
[SourceVersionDate "2002.11.25"]
[SourceQuality "1"]

1. e4 e6 2. d4 d5 3. exd5 exd5 4. c4 Nc6 5. Nf3 Bg4 6. Be2 Nf6 7. Be3 Bb4+ 8. Nbd2 Be6 9. 0-0 0-0 10. Nb3 Na5 11. Nxa5 Bxa5 12. Qc2 Qd6 13. Bd3 g6 14. Bh6 Rfc8 15. Ne5 c5 16. Nf3 cxd4 17. Nxd4 dxc4 18. Be4 Nxe4 19. Qxe4 c3 20. bxc3 Bxc3 21. Rad1 Rc4 22. Be3 f5 23. Qd3 Ba5 24. Nxe6 Qxe6 25. Bh6 Rc3 26. Qd4 Rc7 27. Rc1 Rd7 28. Qa1 Bc7 29. Rc2 Qd6 30. Rd2 Qxh2# 0-1